Digital modulation techniques

Salvato in:
Dettagli Bibliografici
Autore principale: Xiong, Fuquin (Autore)
Natura: Libro
Lingua:inglese
Pubblicazione: Boston : Artech House, 2000
Soggetti:
Tags: Aggiungi Tag
Nessun Tag, puoi essere il primo ad aggiungerne!!

MARC

LEADER 00000nam a22000003a 4500
001 stu78109
005 20150617225641.9
008 021125s2000----xxu-----------------eng-d
020 |a 0-89006-970-0 
040 |a STU  |b slo 
041 0 |a eng 
044 |a xxu 
080 |a 621.391.8 
080 |a 681.324 
080 |a 681.327.8 
084 |a B6120  |2 INS 
084 |a B6140  |2 INS 
084 |a C5260  |2 INS  |7 stu_us_auth*stu7144 
100 1 |a Xiong, Fuquin  |4 aut 
245 1 |a Digital modulation techniques 
260 |a Boston :  |b Artech House,  |c 2000 
300 |a 653 s 
650 7 |a číslicová modulácia  |2 stusub 
650 7 |a komunikačné systémy  |2 stusub 
996 |b 284EK84714  |c E*84714  |l EE16  |s P  |a 0  |w stu78109_0001